Sports Quiz

Random Sports Quiz

Finnish scorers against Dutch giants Quiz Stats

 Plays Quiz not verified by Sporcle

Challenge
Share
Tweet
Embed
Score 0/48 Timer 06:00
0 Plays Today
Season Competition % Correct
93-94 League, SupercupJari Litmanen
99.6%
94-95 SupercupJari Litmanen
99.6%
95-96 LeagueJari Litmanen
99.6%
96-97 LeagueJari Litmanen
99.6%
97-98 LeagueJari Litmanen
99.6%
98-99 LeagueJari Litmanen
99.6%
02-03 LeagueJari Litmanen
99.6%
93-94 LeagueJari Litmanen
99.6%
97-98 CupJari Litmanen
99.6%
05-06 LeagueJoonas Kolkka
76%
08-09 PlayoffsJoonas Kolkka
76%
96-97 LeagueJoonas Kolkka
76%
08-09 LeagueJoonas Kolkka
76%
98-99 LeagueSami Hyypiä
68.8%
03-04 LeagueMika Väyrynen
57.5%
04-05 LeagueMika Väyrynen
57.5%
10-11 LeagueMika Väyrynen
57.5%
02-03 LeagueMika Väyrynen
57.5%
04-05 LeagueMika Väyrynen
57.5%
10-11 LeagueMika Väyrynen
57.5%
03-04 LeagueMika Väyrynen
57.5%
99-00 LeagueMika Nurmela
45%
02-03 LeagueMika Nurmela
45%
00-01 LeagueMika Nurmela
45%
Season Competition % Correct
01-02 LeagueMika Nurmela
45%
03-04 EuropeanTeemu Tainio
36.9%
98-99 EuropeanMika Kottila
21.5%
79-80 EuropeanPasi Rautiainen
18.8%
95-96 LeagueAntti Sumiala
18.8%
97-98 LeagueAntti Sumiala
18.8%
07-08 LeagueNiklas Tarvajärvi
17.1%
05-06 LeagueNiklas Tarvajärvi
17.1%
05-06 LeagueNiklas Tarvajärvi
17.1%
08-09 LeagueNiklas Tarvajärvi
17.1%
98-99 EuropeanMika Lehkosuo
15.4%
88-89 LeagueMika Lipponen
7.3%
89-90 LeagueMika Lipponen
7.3%
85-86 LeagueMika Lipponen
7.3%
87-88 LeagueMika Lipponen
7.3%
95-96 EuropeanSami Mahlio
3.1%
95-96 EuropeanMauri Keskitalo
1%
99-00 LeagueVille Väisänen
0.6%
74-75 LeagueTimo Rahja
0.6%
79-80 EuropeanMiikka Toivola
0.4%
97-98 EuropeanSaku Laaksonen
0.2%
80-81 EuropeanArto Uimonen
0%
80-81 EuropeanJukka Pirinen
0%
80-81 EuropeanMarkku Wacklin
0%

You're not logged in!

Compare scores with friends on all Sporcle quizzes.
Join for Free
OR
Log In

You Might Also Like...

Show Comments

Extras

Top Quizzes Today


Score Distribution

Your Account Isn't Verified!

In order to create a playlist on Sporcle, you need to verify the email address you used during registration. Go to your Sporcle Settings to finish the process.

Report this User

Report this user for behavior that violates our Community Guidelines.

Details: